000 00223nam a2200109Ia 4500
100 _a#N/A
942 _cBK
245 _aApp Building ; Omega ; Developer Video Tutorials
260 _b#N/A
546 _aENGLISH
999 _c18653
_d18653